000 00838cam a22002414a 4500
001 3574883
005 20180309035536.0
008 990526s1999 nyua b 001 0 eng
010 _a 99016286
020 _a087477988X
040 _aDLC
_cDLC
_dDLC
041 _aeng
042 _apcc
080 _a306.7 FAR
082 0 0 _a306.7 FAR
_221
100 1 _a50
101 _aSOC
245 1 0 _aWomen can't hear what men don't say :
_cWarren Farrell.
504 _aIncludes bibliographical references (p. 330-331) and index.
906 _a7
_bcbc
_corignew
_d1
_eocip
_f19
_gy-gencatlg
942 _2ddc
_cBK
999 _c44542
_d44542